书目信息 |
| 题名: |
《美英报刊文章选读》词汇手册
|
|
| 作者: | 周学艺 编 | |
| 分册: | ||
| 出版信息: | 北京 北京大学出版社 1988.12 |
|
| 页数: | 205页 | |
| 开本: | 19cm | |
| 丛书名: | ||
| 单 册: | ||
| 中图分类: | H313-62 | |
| 科图分类: | ||
| 主题词: | 英语 | |
| 电子资源: | ||
| ISBN: | 3-01-000459-1 | |
| 000 | 00549nam0 2200181 45 | |
| 001 | 0405060943 | |
| 005 | 20070721104914.37 | |
| 010 | @a3-01-000459-1@dCNY2.10 | |
| 100 | @a20040506d1988 km y0chiy0120 ea | |
| 101 | 0 | @achi |
| 200 | 1 | @a《美英报刊文章选读》词汇手册@A《Mei Ying Bao Kan Wen Zhang Xuan Du》Ci Hui Shou Ce@f周学艺编@FZhou Xue Yi Bian |
| 210 | @a北京@c北京大学出版社@d1988.12 | |
| 215 | @a205页@d19cm | |
| 606 | 0 | @a英语 |
| 690 | @aH313-62@v3 | |
| 701 | 0 | @a周学艺@4编 |
| 801 | @aCN@bPftUser@c20070721 | |
| 905 | @f2@b219028-029@dH313-62@e138 | |
| 《美英报刊文章选读》词汇手册/周学艺编.-北京:北京大学出版社,1988.12 |
| 205页;19cm |
| ISBN 3-01-000459-1:CNY2.10 |
| ● |
| 相关链接 |
|
|
|
|
正题名:《美英报刊文章选读》词汇手册
索取号:H313-62/138
 
预约/预借
| 序号 | 登录号 | 条形码 | 馆藏地/架位号 | 状态 | 备注 |
| 1 | 0219028 | 001379430 | 第四借阅区/ [索取号:H313-62/138] | 在馆 | |
| 2 | 0219029 | 001379699 | 第四借阅区/ [索取号:H313-62/138] | 在馆 | |
| 3 | 0219030 | 001379476 | 第二样本阅览室/ [索取号:H313-62/138] | 在馆 | |
| 4 | 0769317 | 207693174 | 密集书库/ [索取号:H313-62/138] | 在馆 |